[Event "Chicago op 26th"]
[Site "Chicago"]
[Date "2017.05.25"]
[Round "1"]
[White "Mattson, Dane M"]
[Black "Larrua Gonzalez, Fernando Oscar"]
[Result "0-1"]
[WhiteElo "2052"]
[BlackElo "2367"]
[PlyCount "46"]
[EventDate "2017.05.25"]
[EventType "swiss"]
[EventRounds "9"]
[EventCountry "USA"]
[SourceTitle "CBM 178 Extra"]
[Source "ChessBase"]
[SourceDate "2017.06.22"]
[SourceVersion "1"]
[SourceVersionDate "2017.06.22"]
[SourceQuality "1"]

1. c4 Nf6 2. Nc3 e6 3. e4 d5 4. e5 d4 5. exf6 dxc3 6. bxc3 Qxf6 7. d4 c5 8. Nf3 h6 9. Rb1 Bd6 10. Bd3 Nc6 11. 0-0 0-0 12. Qe2 Qe7 13. Ne5 Qc7 14. Nxc6 bxc6 15. Qh5 e5 16. Be3 cxd4 17. cxd4 Re8 18. c5 Bf8 19. Qf3 exd4 20. Bxd4 Be6 21. Be4 Rac8 22. Rbc1 Red8 23. Bc3 Bd5 0-1

[Event "Las Vegas National op"]
[Site "Las Vegas"]
[Date "2016.06.26"]
[Round "6"]
[White "Kavutskiy, Konstantin"]
[Black "Mattson, Dane M"]
[Result "1-0"]
[WhiteElo "2367"]
[BlackElo "2040"]
[PlyCount "117"]
[EventDate "2016.06.24"]
[EventType "swiss"]
[EventRounds "6"]
[EventCountry "USA"]
[SourceTitle "CBM 173 Extra"]
[Source "ChessBase"]
[SourceDate "2016.08.29"]
[SourceVersion "1"]
[SourceVersionDate "2016.08.29"]
[SourceQuality "1"]

1. d4 e6 2. c4 f5 3. g3 Nf6 4. Bg2 c6 5. Nd2 d5 6. Nh3 Bd6 7. 0-0 0-0 8. Qc2 Qe7 9. Nf3 b6 10. Bf4 Bb7 11. Rac1 Ne4 12. Bxd6 Nxd6 13. Ne5 Nf7 14. Nd3 Nd7 15. e3 Ba6 16. cxd5 cxd5 17. Rfd1 Rfc8 18. Qd2 Nd6 19. Nb4 Bb7 20. Nd3 Ba6 21. Nhf4 Nf6 22. b3 g5 23. Ne2 Nde4 24. Qe1 g4 25. Nef4 Ng5 26. Ne5 Nf7 27. Nfd3 Nxe5 28. Nxe5 Nd7 29. Nd3 Qd6 30. Nf4 Kf7 31. h3 Nf6 32. hxg4 Nxg4 33. Bf3 Nf6 34. Kg2 Qf8 35. Qh1 Rxc1 36. Rxc1 Rc8 37. Bh5+ Ke7 38. Qe1 Qd8 39. Rxc8 Bxc8 40. Bf3 Qd6 41. Qh1 Qd8 42. Nh5 Ng8 43. Nf4 Nf6 44. Qh4 Kd7 45. Nd3 Qe7 46. Qf4 Qd6 47. Ne5+ Kc7 48. Qh4 Qe7 49. g4 fxg4 50. Nxg4 Ng8 51. Qh2+ Kd8 52. Qf4 Qg7 53. Kf1 Ba6+ 54. Be2 Bxe2+ 55. Kxe2 Kc8 56. Ne5 Nf6 57. Nc6 Kd7 58. Nxa7 Ne4 59. Nb5 1-0

[Event "Chicago op 25th"]
[Site "Chicago"]
[Date "2016.05.30"]
[Round "8"]
[White "Haessel, Dale R"]
[Black "Mattson, Dane M"]
[Result "1/2-1/2"]
[WhiteElo "2234"]
[BlackElo "2040"]
[PlyCount "28"]
[EventDate "2016.05.26"]
[EventType "swiss"]
[EventRounds "9"]
[EventCountry "USA"]
[SourceTitle "CBM 172 Extra"]
[Source "ChessBase"]
[SourceDate "2016.06.21"]
[SourceVersion "1"]
[SourceVersionDate "2016.06.21"]
[SourceQuality "1"]

1. d4 d5 2. c4 dxc4 3. e4 Nc6 4. Nf3 Nf6 5. d5 Nxe4 6. Bxc4 e6 7. 0-0 Bc5 8. dxc6 Bxf2+ 9. Kh1 Qxd1 10. Rxd1 Bb6 11. Rf1 Nf2+ 12. Kg1 Nh3+ 13. Kh1 Nf2+ 14. Kg1 Nh3+ 1/2-1/2

[Event "Chicago op 25th"]
[Site "Chicago"]
[Date "2016.05.29"]
[Round "7"]
[White "Mattson, Dane M"]
[Black "Kretchetov, Alexandre"]
[Result "1-0"]
[WhiteElo "2040"]
[BlackElo "2246"]
[PlyCount "53"]
[EventDate "2016.05.26"]
[EventType "swiss"]
[EventRounds "9"]
[EventCountry "USA"]
[SourceTitle "CBM 172 Extra"]
[Source "ChessBase"]
[SourceDate "2016.06.21"]
[SourceVersion "1"]
[SourceVersionDate "2016.06.21"]
[SourceQuality "1"]

1. c4 e5 2. g3 Nc6 3. Nc3 d6 4. Bg2 Be6 5. d3 Qd7 6. Rb1 g6 7. Nd5 Nd8 8. Nf3 c6 9. Nc3 Bg7 10. 0-0 h6 11. Qa4 Ne7 12. Rd1 f5 13. d4 e4 14. Ne1 d5 15. cxd5 cxd5 16. Qxd7+ Kxd7 17. e3 Nf7 18. Na4 b6 19. Bd2 Nd6 20. Bf1 g5 21. Rbc1 Rab8 22. Rc2 Rhc8 23. Rdc1 Rxc2 24. Nxc2 Nc4 25. Bc3 f4 26. Bxc4 dxc4 27. d5 1-0

[Event "US Open-114"]
[Site "Middleton"]
[Date "2013.08.04"]
[Round "9"]
[White "Sarkar, Justin"]
[Black "Mattson, Dane M"]
[Result "1/2-1/2"]
[WhiteElo "2451"]
[BlackElo "2077"]
[PlyCount "39"]
[EventDate "2013.07.27"]
[EventType "swiss"]
[EventRounds "9"]
[EventCountry "USA"]
[SourceTitle "CBM 155 Extra"]
[Source "ChessBase"]
[SourceDate "2013.08.26"]
[SourceVersion "1"]
[SourceVersionDate "2013.08.26"]
[SourceQuality "1"]

1. d4 e6 2. c4 f5 3. g3 Nf6 4. Bg2 c6 5. Nf3 d5 6. 0-0 Bd6 7. b3 Qe7 8. Bb2 0-0 9. Qc1 b5 10. Ne5 a5 11. a4 b4 12. Nd2 Ne4 13. f4 Bb7 14. Nxe4 fxe4 15. c5 Bc7 16. h4 Nd7 17. Qe3 Bxe5 18. fxe5 Rxf1+ 19. Rxf1 Rf8 20. Rxf8+ 1/2-1/2

[Event "Saint Paul 3rd"]
[Site "Saint Paul"]
[Date "2010.03.07"]
[Round "9"]
[White "Hortillosa, Andres"]
[Black "Mattson, Dane M"]
[Result "0-1"]
[WhiteElo "2068"]
[BlackElo "2080"]
[PlyCount "108"]
[EventDate "2010.02.27"]
[EventType "tourn"]
[EventRounds "9"]
[EventCountry "USA"]
[SourceTitle "CBM 135 Extra"]
[Source "ChessBase"]
[SourceDate "2010.05.04"]
[SourceVersion "1"]
[SourceVersionDate "2010.05.04"]
[SourceQuality "1"]

1. e4 e6 2. d3 d5 3. Nd2 Nf6 4. g3 Nc6 5. Bg2 dxe4 6. Nxe4 Be7 7. Ne2 Nxe4 8. Bxe4 e5 9. Bg2 Be6 10. Be3 Qd7 11. h4 f6 12. a3 Bd5 13. f3 a5 14. c4 Be6 15. Qa4 Qxd3 16. Kf2 Qxc4 17. Qxc4 Bxc4 18. Rac1 Be6 19. f4 Rd8 20. Rhe1 Bd5 21. Bh3 Kf7 22. h5 g6 23. h6 f5 24. Bf1 e4 25. Nc3 Be6 26. Be2 Bf6 27. Na4 Bd5 28. Nc3 Bb3 29. Rh1 Nd4 30. Bd1 Bxd1 31. Nxd1 c6 32. a4 Ne6 33. Bb6 Bd4+ 34. Bxd4 Rxd4 35. b3 Rd3 36. Rb1 Rhd8 37. Rg1 Nd4 38. Kg2 Rxb3 39. Rxb3 Nxb3 40. Ne3 b5 41. axb5 cxb5 42. Rb1 a4 43. g4 Rd3 44. Kf2 fxg4 45. Nxg4 Rf3+ 46. Kg2 Rxf4 47. Ne5+ Kf6 48. Nc6 Kg5 49. Nd8 Rf6 50. Nb7 b4 51. Kg3 Rf3+ 52. Kg2 Rf6 53. Kg3 e3 54. Re1 a3 0-1

[Event "Saint Paul 3rd"]
[Site "Saint Paul"]
[Date "2010.02.27"]
[Round "2"]
[White "Karagianis, Pete"]
[Black "Mattson, Dane M"]
[Result "1/2-1/2"]
[WhiteElo "2203"]
[BlackElo "2080"]
[PlyCount "68"]
[EventDate "2010.02.27"]
[EventType "tourn"]
[EventRounds "9"]
[EventCountry "USA"]
[SourceTitle "CBM 135 Extra"]
[Source "ChessBase"]
[SourceDate "2010.05.04"]
[SourceVersion "1"]
[SourceVersionDate "2010.05.04"]
[SourceQuality "1"]

1. d4 Nf6 2. c4 e6 3. Nf3 Bb4+ 4. Bd2 Qe7 5. g3 Nc6 6. Bg2 Bxd2+ 7. Nbxd2 0-0 8. 0-0 d6 9. e4 e5 10. d5 Nb8 11. Ne1 a5 12. Nd3 Na6 13. h3 Nd7 14. a3 Nac5 15. Nxc5 Nxc5 16. b4 axb4 17. axb4 Rxa1 18. Qxa1 Na6 19. Qc3 f5 20. exf5 Bxf5 21. Nb3 Qd7 22. c5 Qb5 23. Ra1 Qxb4 24. Qxb4 Nxb4 25. Ra7 dxc5 26. Rxb7 Rd8 27. g4 Bg6 28. Rxc7 Nxd5 29. Rxc5 Bf7 30. Na5 Nf4 31. Rxe5 Rd1+ 32. Kh2 Rd2 33. Kg3 Ne2+ 34. Kh2 Nf4 1/2-1/2

[Event "Saint Paul 3rd"]
[Site "Saint Paul"]
[Date "2010.02.27"]
[Round "3"]
[White "Mattson, Dane M"]
[Black "Wasiluk, Kevin M"]
[Result "1/2-1/2"]
[WhiteElo "2080"]
[BlackElo "2214"]
[PlyCount "93"]
[EventDate "2010.02.27"]
[EventType "tourn"]
[EventRounds "9"]
[EventCountry "USA"]
[SourceTitle "CBM 135 Extra"]
[Source "ChessBase"]
[SourceDate "2010.05.04"]
[SourceVersion "1"]
[SourceVersionDate "2010.05.04"]
[SourceQuality "1"]

1. Nf3 Nf6 2. c4 g6 3. b4 Bg7 4. Bb2 0-0 5. g3 d6 6. Bg2 e5 7. d3 Re8 8. Nbd2 Nbd7 9. 0-0 c6 10. Qc2 h6 11. a4 a5 12. b5 c5 13. e3 Qe7 14. Bc3 Ra7 15. e4 b6 16. Qb2 Nf8 17. Ne1 Ne6 18. Nc2 Nd4 19. Rae1 h5 20. Ne3 Bh6 21. f4 h4 22. Nd5 Nxd5 23. exd5 hxg3 24. hxg3 Qd8 25. Bxd4 cxd4 26. Nf3 exf4 27. Nxd4 Rxe1 28. Rxe1 Re7 29. Rf1 Qe8 30. gxf4 Bg7 31. Qf2 Re3 32. Ne6 Rxd3 33. Nxg7 Qe3 34. Re1 Qxf2+ 35. Kxf2 Kxg7 36. Re8 Bf5 37. Rd8 Rd4 38. Kg3 Rxc4 39. Rxd6 Rxa4 40. Rxb6 Rb4 41. d6 a4 42. Ra6 Rxb5 43. Rxa4 Rb3+ 44. Kf2 Rd3 45. Ra6 Rd2+ 46. Kg3 Rd3+ 47. Kf2 1/2-1/2

[Event "Canadian op"]
[Site "Edmonton"]
[Date "2005.07.14"]
[Round "7"]
[White "Achtemichuk, Chris"]
[Black "Mattson, Dane M"]
[Result "0-1"]
[WhiteElo "1514"]
[BlackElo "1819"]
[PlyCount "70"]
[EventDate "2005.07.09"]
[EventType "swiss"]
[EventRounds "10"]
[EventCountry "CAN"]
[SourceTitle "CBM 107 Extra"]
[Source "ChessBase"]
[SourceDate "2005.09.01"]
[SourceVersion "1"]
[SourceVersionDate "2005.09.01"]
[SourceQuality "1"]

1. e4 e6 2. d4 d5 3. exd5 exd5 4. c4 Nf6 5. Bd3 c6 6. Nc3 Be7 7. Nge2 0-0 8. Qc2 dxc4 9. Bxc4 Nbd7 10. Be3 Nb6 11. Bd3 Nbd5 12. Nxd5 cxd5 13. 0-0 Bd6 14. f3 Re8 15. Bg5 h6 16. Bh4 Bd7 17. Rac1 Bc6 18. a3 a5 19. Nc3 Bf4 20. Rce1 Qd6 21. Bxf6 Qxf6 22. Qf2 Bc7 23. Bb5 Bb6 24. Nxd5 Bxd5 25. Rxe8+ Rxe8 26. Bxe8 Bxd4 27. Kh1 Bxf2 28. Rxf2 Qe5 29. Bb5 Bxf3 30. Bd3 Bh5 31. h3 Qe1+ 32. Rf1 Qd2 33. Be4 Qe2 34. Rf4 g5 35. Bf3 Qe1+ 0-1

[Event "Canadian op"]
[Site "Edmonton"]
[Date "2005.07.11"]
[Round "4"]
[White "Mattson, Dane M"]
[Black "Hendon, Lee"]
[Result "1-0"]
[WhiteElo "1819"]
[BlackElo "1544"]
[PlyCount "57"]
[EventDate "2005.07.09"]
[EventType "swiss"]
[EventRounds "10"]
[EventCountry "CAN"]
[SourceTitle "CBM 107 Extra"]
[Source "ChessBase"]
[SourceDate "2005.09.01"]
[SourceVersion "1"]
[SourceVersionDate "2005.09.01"]
[SourceQuality "1"]

1. d4 d5 2. c4 e6 3. Nc3 Nf6 4. Bg5 Nbd7 5. Nf3 Be7 6. e3 0-0 7. Bd3 c6 8. cxd5 exd5 9. 0-0 h6 10. Bh4 Re8 11. Re1 Nh5 12. Bxe7 Qxe7 13. Nd2 Nhf6 14. e4 dxe4 15. Ndxe4 Nxe4 16. Nxe4 Kh8 17. Nd6 Qxe1+ 18. Qxe1 Rxe1+ 19. Rxe1 Nf6 20. Bc4 Bg4 21. Nxf7+ Kh7 22. f3 Bh5 23. Re7 b5 24. Bd3+ Kg8 25. Ne5 Nd5 26. Rb7 Nb4 27. Be4 Nxa2 28. Bxc6 Rc8 29. Bd5+ 1-0

[Event "Canadian op"]
[Site "Edmonton"]
[Date "2005.07.10"]
[Round "3"]
[White "MacLeod, Damon"]
[Black "Mattson, Dane M"]
[Result "0-1"]
[WhiteElo "1601"]
[BlackElo "1819"]
[PlyCount "40"]
[EventDate "2005.07.09"]
[EventType "swiss"]
[EventRounds "10"]
[EventCountry "CAN"]
[SourceTitle "CBM 107 Extra"]
[Source "ChessBase"]
[SourceDate "2005.09.01"]
[SourceVersion "1"]
[SourceVersionDate "2005.09.01"]
[SourceQuality "1"]

1. e4 e6 2. d4 d5 3. Nd2 Be7 4. c4 dxe4 5. Nxe4 Nd7 6. Nf3 Ngf6 7. Bd3 0-0 8. 0-0 b6 9. Ng3 Bb7 10. Re1 c5 11. Be3 cxd4 12. Bxd4 Nc5 13. Bc2 Bxf3 14. gxf3 Rc8 15. f4 Na6 16. Nh5 g6 17. Nxf6+ Bxf6 18. Bxf6 Qxf6 19. Qd7 Rxc4 20. Bd3 Nc5 0-1

[Event "Canadian op"]
[Site "Edmonton"]
[Date "2005.07.09"]
[Round "1"]
[White "Shirov, Alexei"]
[Black "Mattson, Dane M"]
[Result "1-0"]
[WhiteElo "2705"]
[BlackElo "1819"]
[PlyCount "49"]
[EventDate "2005.07.09"]
[EventType "swiss"]
[EventRounds "10"]
[EventCountry "CAN"]
[SourceTitle "CBM 107 Extra"]
[Source "ChessBase"]
[SourceDate "2005.09.01"]
[SourceVersion "1"]
[SourceVersionDate "2005.09.01"]
[SourceQuality "1"]

1. d4 e6 2. Nf3 Nf6 3. g3 b6 4. Bg2 Bb7 5. 0-0 Be7 6. c4 0-0 7. Nc3 Ne4 8. Bd2 f5 9. d5 exd5 10. Nxd5 Bf6 11. Bf4 Na6 12. Nd4 c6 13. Nxf6+ Qxf6 14. f3 Nd6 15. b3 c5 16. Nb5 Nf7 17. Qxd7 Bc6 18. Qd3 Qe6 19. e4 fxe4 20. fxe4 Rad8 21. Qe2 Rd7 22. Rad1 Rfd8 23. Nc3 Nd6 24. Qh5 Qf7 25. Qh4 1-0